Tiché rezervy a ich vplyv na vypovedaciu schopnosť účtovnej závierky podniku bakalárska práca

Guardado en:
Detalles Bibliográficos
Autor principal: Hamarová, Martina
Autor Corporativo: Fakulta hospodárskej informatiky EU. Katedra účtovníctva a audítorstva
Otros Autores: Ondrušová, Lucia, 1981-
Formato: Libro
Lenguaje:eslovaco
Publicado: Bratislava 2009
Etiquetas: Agregar Etiqueta
Sin Etiquetas, Sea el primero en etiquetar este registro!

MARC

LEADER 00000nam$a2200000$$$4500
001 0101093
005 20240318134913.8
041 0 |a slo 
044 |a SK 
245 1 0 |a Tiché rezervy a ich vplyv na vypovedaciu schopnosť účtovnej závierky podniku  |b bakalárska práca  |c Martina Hamarová ; škol. Lucia Ondrušová 
264 1 |a Bratislava  |c 2009 
300 |a 32 s. 
100 1 |a Hamarová, Martina 
700 1 |a Ondrušová, Lucia, 1981- 
710 2 |a Fakulta hospodárskej informatiky EU. Katedra účtovníctva a audítorstva